Movies Quiz

Random Movies or Role Quiz

Good Will Hunting's Fictional Brothers Quiz Stats

Quiz Updated Jun 17, 2015

Challenge
Share
Tweet
Embed
Score 0/12 Timer 01:00
1 Play Today
% Correct
Tommy
69.9%
Johnny
59.3%
Timmy
53.8%
Ricky
48.1%
Mikey
44.8%
Joey
40.3%
Marky
39.3%
Brian
35%
Danny
34.7%
Robbie
31.1%
Davey
24.4%
Terry
21.6%

You're not logged in!

Compare scores with friends on all Sporcle quizzes.
Sign Up with Email
OR
Log In

You Might Also Like...

Show Comments

Extras

Top Quizzes Today


Score Distribution

Your Account Isn't Verified!

In order to create a playlist on Sporcle, you need to verify the email address you used during registration. Go to your Sporcle Settings to finish the process.